Fr. Conceicao Rodrigues College of Engineering

Principles Of Economic (Record no. 33562)

MARC details
000 -LEADER
fixed length control field 00313nam a2200145Ia 4500
082 ## - DEWEY DECIMAL CLASSIFICATION NUMBER
Classification number 331
100 ## - MAIN ENTRY--PERSONAL NAME
Personal name Marshall/A
245 ## - TITLE STATEMENT
Title Principles Of Economic
260 ## - PUBLICATION, DISTRIBUTION, ETC.
Name of publisher, distributor, etc. Mac Millian
Place of publication, distribution, etc. London
Date of publication, distribution, etc. 1982
300 ## - PHYSICAL DESCRIPTION
Extent 731
546 ## - LANGUAGE NOTE
Language note ENGLISH
650 ## - SUBJECT ADDED ENTRY--TOPICAL TERM
Topical term or geographic name entry element Economics
654 ## - SUBJECT ADDED ENTRY--FACETED TOPICAL TERMS
Focus term Principles Of Economic
942 ## - ADDED ENTRY ELEMENTS (KOHA)
Koha item type BOOK
Holdings
Withdrawn status Lost status Damaged status Not for loan Collection Home library Current library Shelving location Date acquired Total Checkouts Full call number Barcode Date last seen Price effective from Koha item type
        AFT Fr. Agnel's C.Rodrigues College of Engineering Fr. Agnel's C.Rodrigues College of Engineering   17/03/2023   331 AFT4019 17/03/2023 17/03/2023 BOOK